00838cam a22002171 4500001001300000003000400013005001700017008004100034010001700075035002000092040001900112050002900131100003700160245015100197260004300348300003700391490007800428650002900506810007000535999001500605agr10001425 DLC20260227110930.0920722s1910 dcua u000 0 eng  aagr10001425  a(OCoLC)28456937 aDLCcMdBJdDLC00aSB933b.U2 no. 82, pt. V1 aMarch, Harold Oscar,d1885-1919.00aSome insects injurious to truck crops.bBiologic and economic notes on the yellow-bear caterpillar. [Diacrisia virginica Fab.]cBy H. O. Marsh ... aWashington,bGovt. print. off.,c1910. aiii p., 59-66 p.billus.c23 cm.1 aU. S. Dept. of agriculture. Bureau of entomology. Bulletinvno. 82, pt. V 0aYellow-bear caterpillar.1 aUnited States.bBureau of Entomology.tBulletin ;vno. 82, pt. 5. c7842d7842